guess the random adele song #3 - Statistics

General Stats
  • This quiz has been taken 103 times
  • The average score is 105 of 238
Answer Stats
Answer % Correct
i
100%
you
89%
love
79%
me
70%
an
68%
my
67%
we
67%
is
65%
to
63%
and
62%
be
60%
do
59%
So
57%
so
57%
it
56%
all
55%
on
51%
can
49%
go
48%
if
45%
don't
43%
no
43%
you're
43%
for
39%
will
39%
this
38%
take
37%
up
34%
let
33%
give
32%
how
32%
too
32%
with
32%
Did
30%
had
30%
It's
30%
at
28%
but
28%
But
28%
everything
28%
from
28%
just
28%
should
28%
only
26%
down
24%
look
24%
need
24%
right
24%
than
24%
didn't
23%
Didn't
23%
loved
23%
more
23%
over
23%
see
23%
back
22%
leave
22%
Oh
22%
away
21%
really
21%
gave
20%
got
20%
here
18%
home
18%
nothing
18%
better
17%
fool
17%
thought
17%
Tried
17%
used
17%
walk
17%
best
16%
crumbling
16%
knew
16%
maybe
16%
Maybe
16%
bring
15%
change
15%
giving
15%
less
15%
Still
15%
easily
13%
gonna
13%
help
13%
must
13%
Slow
13%
around
12%
having
12%
road
12%
without
12%
adjust
11%
empty
11%
tears
9%
well
6%
No matching quizzes found
Score Distribution
Percent of People with Each Score
Percentile by Number Answered
Your Score History
You have not taken this quiz